000 00304nam a22001337a 4500
008 160511b xxu||||| |||| 00| 0 eng d
020 _a9781603012621
020 _a9781603012621
020 _a1603012621
041 _aeng
080 _a61
245 _aIssues life science:
_cLab aids;
942 _2udc
_cBK
999 _c2016
_d2016